[Event "Zonal 3.3 Online"]
[Site "Tornelo INT"]
[Date "2021.05.03"]
[Round "3"]
[White "Diez, Allan"]
[Black "Medina, Vince Angelo"]
[Result "0-1"]
[WhiteElo "2069"]
[BlackElo "2137"]
[PlyCount "100"]
[EventDate "2021.05.01"]
[EventType "swiss"]
[EventRounds "9"]
[EventCountry "PHI"]
[SourceTitle "CBM 202 Extra"]
[Source "ChessBase"]
[SourceDate "2021.07.31"]
[SourceVersion "1"]
[SourceVersionDate "2021.07.31"]
[SourceQuality "1"]

1. c4 e6 2. Nc3 d5 3. d4 f5 4. g3 Nf6 5. Bg2 c6 6. Nf3 Bd6 7. Bf4 0-0 8. Bxd6 Qxd6 9. c5 Qc7 10. Ne5 Nbd7 11. Nxd7 Bxd7 12. f4 b5 13. 0-0 Be8 14. Bf3 h6 15. Qd2 Bh5 16. Nd1 a5 17. Nf2 Kh7 18. Nd3 Rg8 19. Ne5 g5 20. Kf2 gxf4 21. Qxf4 Rg5 22. Nd3 Qg7 23. Ne5 Rf8 24. Ke3 Bxf3 25. Kxf3 Ng4 26. Kg2 Nxe5 27. Qxe5 Qxe5 28. dxe5 Rg4 29. Rf4 Rfg8 30. Kf3 h5 31. e3 h4 32. Rg1 a4 33. Rg2 R8g6 34. a3 Kg7 35. Rxg4 fxg4+ 36. Kf4 h3 37. Rd2 Kf7 38. e4 Ke7 39. exd5 cxd5 40. c6 Kd8 41. Rc2 Kc7 42. Rc5 Rg8 43. Rxb5 Rf8+ 44. Kxg4 Kxc6 45. Rb4 Rf2 46. Kxh3 Kc5 47. g4 d4 48. Kg3 Rf8 49. Rb7 Kc6 50. Rb5 Kxb5 0-1

[Event "Bangkok Cha Am op 18th"]
[Site "Bangkog"]
[Date "2018.04.17"]
[Round "5"]
[White "Diez, Allan"]
[Black "Karthikeyan, Pandian"]
[Result "0-1"]
[WhiteElo "2095"]
[BlackElo "2481"]
[PlyCount "74"]
[EventDate "2018.04.13"]
[EventType "swiss"]
[EventRounds "9"]
[EventCountry "THA"]
[SourceTitle "CBM 184 Extra"]
[Source "ChessBase"]
[SourceDate "2018.06.28"]
[SourceVersion "1"]
[SourceVersionDate "2018.06.28"]
[SourceQuality "1"]

1. d4 c5 2. d5 e5 3. e4 d6 4. f4 exf4 5. Bxf4 Nf6 6. Nc3 a6 7. a4 Be7 8. Nf3 0-0 9. Be2 Re8 10. 0-0 Nbd7 11. e5 Nh5 12. exd6 Nxf4 13. dxe7 Qxe7 14. Bc4 Qe3+ 15. Kh1 Nf6 16. Re1 Qf2 17. Rxe8+ Nxe8 18. Qd2 Qxd2 19. Nxd2 b6 20. g3 Ng6 21. Re1 Kf8 22. Bf1 Nd6 23. Nce4 Nxe4 24. Nxe4 Bf5 25. c4 Re8 26. Bg2 a5 27. Re2 Bg4 28. Rf2 Ne5 29. h3 Bd1 30. Nd2 Nd3 31. Rf1 Nxb2 32. d6 Rd8 33. Bd5 f6 34. Ne4 Be2 35. Re1 Bf3+ 36. Kg1 Bxe4 37. Bxe4 Nxc4 0-1

[Event "Bangkok Cha Am op 18th"]
[Site "Bangkog"]
[Date "2018.04.15"]
[Round "3"]
[White "Diez, Allan"]
[Black "Gukesh, Dommaraju"]
[Result "0-1"]
[WhiteElo "2095"]
[BlackElo "2401"]
[PlyCount "58"]
[EventDate "2018.04.13"]
[EventType "swiss"]
[EventRounds "9"]
[EventCountry "THA"]
[SourceTitle "CBM 184 Extra"]
[Source "ChessBase"]
[SourceDate "2018.06.28"]
[SourceVersion "1"]
[SourceVersionDate "2018.06.28"]
[SourceQuality "1"]

1. d4 Nf6 2. Bf4 g6 3. e3 Bg7 4. Nf3 0-0 5. c3 d6 6. Nbd2 Nh5 7. Bg3 Nxg3 8. hxg3 Nd7 9. Bc4 e6 10. a4 Qe7 11. 0-0 a5 12. Re1 Kh8 13. e4 e5 14. dxe5 dxe5 15. Qe2 Nf6 16. Rad1 h5 17. Nh2 Bh6 18. f3 h4 19. g4 Bf4 20. Nb3 Bg3 21. Rf1 Nd7 22. Rd5 Nb6 23. Rfd1 Nxd5 24. Bxd5 Be6 25. Nf1 Rfd8 26. Ne3 c6 27. Bxe6 Qxe6 28. Nxa5 Rxd1+ 29. Qxd1 Qa2 0-1